| 000 | 00767nam a2200217 i 4500 | ||
|---|---|---|---|
| 001 | 168108 | ||
| 003 | ES-MaACL | ||
| 005 | 20240529062951.0 | ||
| 008 | 031030s1887 sp a |||| | spa d | ||
| 040 |
_aCYL _bspa _cCYL |
||
| 100 | 1 |
_aZahonero, José, _d1853-1931 _9117849 |
|
| 245 | 1 | 0 |
_aCuentos pequeñitos / _cJosé Zahonero. |
| 260 |
_aMadrid : _b[s.n.], _c1887 ( _fEst. Tip. de Fortanet) |
||
| 300 |
_aXIV, 288 p. : _bil. ; _c17 cm. |
||
| 530 | _aDisponible en formato digital. | ||
| 650 | 4 |
_aCuentos españoles. _911483 |
|
| 752 |
_aEspaña - _dMadrid |
||
| 852 |
_aES-MaACL _jD-1352 _z- Enc. hol. _q- Falto de port. y desde p. 273 |
||
| 856 |
_uhttps://archive.org/details/cuentospequeitos00zaho _zInternet Archive |
||
| 999 |
_c168108 _d168108 |
||